'City living' and sustainable development (Record no. 80467)

MARC details
000 -LEADER
fixed length control field 01167cab a22001935a 4500
001 - CONTROL NUMBER
control field L144446
008 - FIXED-LENGTH DATA ELEMENTS--GENERAL INFORMATION
fixed length control field 080721s2007 xxk 000 0 eng d
035 ## - SYSTEM CONTROL NUMBER
System control number (Sirsi) u144446
041 0# - LANGUAGE CODE
Language code of text/sound track or separate title eng
100 1# - MAIN ENTRY--PERSONAL NAME
Personal name Unsworth, Rachael
245 00 - TITLE STATEMENT
Title 'City living' and sustainable development
Remainder of title the experience of a UK regional city
260 ## - PUBLICATION, DISTRIBUTION, ETC.
Date of publication, distribution, etc. 2007
490 ## - SERIES STATEMENT
Series statement Town Planning Review
Volume/sequential designation 78(6) 2007, 725-747(23)
520 ## - SUMMARY, ETC.
Summary, etc. Paper draws on a detailed case study of Leeds to argue that 'city living' has the potential to contribute towards sustainable development. Describes the potential use of brownfield land for medium-high density mixed-use schemes, stating that they are viable and reduce dependence upon transport infrastructure. The paper seeks to point out that this is a possible outcome, the reality of city living is economically unstable, 'environmentally ambiguous' and that this has come about as a result of the structure of incentives and a lack of adequate controls on development.
650 24 - SUBJECT ADDED ENTRY--TOPICAL TERM
Topical term or geographic name entry element CODE FOR SUSTAINABLE HOMES
651 #4 - SUBJECT ADDED ENTRY--GEOGRAPHIC NAME
Geographic name United Kingdom
Chronological subdivision
690 ## - LOCAL SUBJECT ADDED ENTRY--TOPICAL TERM (OCLC, RLIN)
Topical term or geographic name as entry element ENVIRONMENTAL AND LAND CONSULTANCY-SUSTAINABILITY-SUSTAINABLE DEVELOPMENT
942 ## - ADDED ENTRY ELEMENTS (KOHA)
Suppress in OPAC 0
Holdings
Withdrawn status Lost status Source of classification or shelving scheme Damaged status Not for loan Home library Current library Shelving location Date acquired Total Checkouts Full call number Barcode Date last seen Copy number Price effective from Koha item type
    Dewey Decimal Classification     London London Journal article 21/07/2008   L144446 144446-2001 06/08/2019 1 06/08/2019 Journal article